| 000 | 00743nam a2200217 a 4500 | ||
|---|---|---|---|
| 001 | 000034828 | ||
| 005 | 20200930073929.0 | ||
| 008 | 111020s1949 mx 000 0 spa d | ||
| 040 |
_aDO-SdBNP _bspa _cBNPHU |
||
| 090 |
_a113 _bM466f |
||
| 100 | 1 |
_aMay, Edward _960348 |
|
| 245 | 1 | 0 |
_aFilosofía natural / _cE. May. |
| 260 |
_aBuenos Aires : _bFondo de Cultura Económica, _c1949. |
||
| 300 |
_a153 p. ; _c17 cm. |
||
| 490 | 1 |
_aBreviarios del Fondo de Cultura Económica _v83 |
|
| 590 | _aPerteneció a la biblioteca personal de Juan Isidro Jimenes Grullón | ||
| 650 | 4 |
_aFilosofía de la naturaleza _91849 |
|
| 830 | 0 |
_aBreviarios del Fondo de Cultura Económica _v83 _925786 |
|
| 910 | _aValidado. Control de calidad MFF | ||
| 049 | _aBNPD | ||
| 999 |
_c34319 _d34319 |
||